000 00747nas a2200241 4500
001 BR8306141
003 BR-BrBNA
005 20231205085718.0
007 ta
008 230509b bl.|||p| |||| 00| 00por d
040 _aBR-BrBNA
_bpor
_cBiblioteca Nacional de Agricultura
041 _a(Pt)
072 _aM12
100 1 _aMiranda, P. de T.C.
100 1 _aJoventino, F.P.
245 1 _aInforme preliminar sobre o cultivo de algas marinhas no estado do Ceara
_bNota cientifica
650 _aALGA MARINHA
650 _aPRATICA CULTURAL
650 _aCEARA
773 0 _tArquivos de Ciencias do Mar (Brazil)
_xISSN 0374-5686
_g(Dec 1982), v. 22(1-2) p. 83-85
_wBR8306141
909 _a202311
_bLúcia
_c55
_dLúcia Elande
942 _2AGRIS
_n0
_cANA
999 _c113273
_d113273